League of Legends - Champions les + bans - Statistiques

Statistiques générales
  • Ce quiz a été pris 531 fois
  • Le résultat moyen est 9 sur 20
Statistiques - réponses
Hint Réponse % Correct
18,2 % Yasuo
79%
27,7 % Darius
76%
41,2 % Zed
74%
14,4 % Akali
59%
26,3 % Blitzcrank
55%
37,3 % Yuumi
55%
19,2 % Maitre yi
54%
25,5 % Morgana
53%
22,7 % Draven
49%
21,3 % Samira
46%
17,6 % Miss fortune
41%
44,0 % Aatrox
38%
16,2 % Fiora
34%
16,1 % Lulu
34%
16,1 % Irelia
30%
22,7 % Hecarim
28%
14,4 % Kayn
28%
29,5 % Bel'veth
18%
27,8 % Udyr
18%
15,2 % Amumu
13%
Aucun quiz correspondant
Distribution des résultats
% des personnes avec chaque résultat
Percentile par nombre de réponses
Votre historique - résultats
Vous n’avez pas pris ce quiz